000 00237nam a2200085Ia 4500
008 180219s9999 xx 000 0 und d
100 _aSharma Dl Sharma Jc
245 0 _aEducation In The Emerging Indian Society
260 _aVinay Rakheja R Lall Meerut
260 _c2013
999 _c42192
_d42192